Responses for show #4131 - Monday, July 15, 2002

Contestants

Bill Popper, a writer from Burnsville, North Carolina

Molly McGowan, an information specialist from Pottsville, Pennsylvania

Richard Mason, a roboticist from Pasadena, California (whose 2-day cash winnings total $50,600)

Jeopardy! Round responses

FUN IN THE CITY
NO. 1 BROTHERS
HOLIDAYS & OBSERVANCES
"GR"ANIMALS
MEASURING UP
PICTURESQUE EXPRESSIONS
    $200 26
(Richard: What is Edmonton?)
(Bill: What is Winnipeg?)

Calgary

RichardBill
Triple Stumper
    $200 2
Hanson Brothers

Richard
    $200 10
Flag Day

Molly
    $200 3
(Molly: What are jackals?)

greyhounds

MollyBill
    $200 18
ton

Bill
    $200 1
rat

Molly
    $400 27
the Bronx

Molly
    $400 6
The Jacksons

Triple Stumper
    $400 11
Labor Day

Richard
    $400 4
grizzly

Richard
    $400 19
180

Richard
    $400 14
bees

Bill
    $600 28
Nuremberg

Bill
    $600 7
Everly Brothers

Molly
    $600 23
(Richard: What is Rosh Hashanah?)

Yom Kippur

RichardBill
    $600 5
grasshopper

Molly
    $600 20
90

Molly
    $600 15
cooked

Bill
    $4,000 29
Dayton

Bill
    $800 8
Nelson

Molly
    $800 24
Kwanzaa

Molly
    $800 12
grunion

Triple Stumper
    $800 21
grain

Bill
    $800 16
rabbit

Bill
    $1000 30
Java

Bill
    $1000 9
Kool & the Gang

Molly
    $1000 25
Maine

Molly
    $1000 13
(Bill: What is a groused?)
[Bill's response was accepted with the decision reversed after the break.]

grouse

Bill
Triple Stumper
    $1000 22
bolt

Bill
    $1000 17
fiddling while Rome burns

Richard

Scores at the first commercial break (after clue 15):

Richard Molly Bill
$1,000 $3,200 $200

Scores at the end of the Jeopardy! Round:

Richard Molly Bill
$1,600 $6,000 $9,000

Double Jeopardy! Round responses

BOOKS & AUTHORS
ACTORS PLAYING ACTORS
REALLY BAD DAYS
O
FRUITS & VEGETABLES
HEY, THAT RHYMES!
    $400 1
Pinocchio

Bill
    $400 6
Marilyn Monroe

Molly
    $400 21
Poland

Molly
    $400 11
of

Molly
    $400 26
(Molly: What is flesh?)

fuzzy

RichardMolly
    $400 16
Stars & Bars

Richard
    $800 2
Kurt Warner

Molly
    $800 7
(Richard: Who is Isabella Rossellini?)

Sophia Loren

RichardMolly
    $800 22
stock market

Molly
    $800 12
Cheerios

Molly
    $800 29
apples

Bill
    $800 17
wingding

Molly
    $3,000 3
The Martian Chronicles

Molly
    $1200 8
Ava Gardner

Molly
    $500 23
(Molly: What is Venice?)

Florence

Molly
    $1200 13
Challenger

Richard
    $1200 30
plum

Richard
    $1200 18
Big Dig

Richard
    $1600 4
(Jan) Vermeer

Bill
    $1600 9
(Marion) Davies

Molly
    $1600 24
Enrico Caruso

Bill
    $1600 14
omega

Triple Stumper
    $1600 28
(Bill: What is a green [*]?)

bean

Bill
    $1600 19
hanky panky

Richard
    $2000 5
Cotton Mather

Richard
    $2000 10
(Bill: Who is Robert Young?)

James Brolin

Bill
Triple Stumper
    $2000 25
Beirut

Molly
    $2000 15
Othello

Molly
    $2000 27
daikon

Triple Stumper
    $2000 20
run & gun

Triple Stumper

Scores at the end of the Double Jeopardy! Round:

Richard Molly Bill
$8,800 $20,100 $13,000

[wagering suggestions for these scores]

Final Jeopardy! Round responses

U.S. STATES
RichardWhat is Maryland?
$8,800
BillWhat is Texas
$7,200
MollyWhat is Maryland?
$5,901
Maryland

Final scores:

Richard Molly Bill
$17,600 $26,001 $5,800
2nd place: $2,000 New champion: $26,001 3rd place: $1,000

Game dynamics:

Coryat scores:

Richard Molly Bill
$8,800 $18,800 $9,800
12 R,
3 W
23 R
(including 1 DD),
3 W
(including 1 DD)
16 R
(including 1 DD),
3 W

Combined Coryat: $37,400

The J! Archive is created by fans, for fans. The Jeopardy! game show and all elements thereof, including but not limited to copyright and trademark thereto, are the property of Jeopardy Productions, Inc. and are protected under law. This website is not affiliated with, sponsored by, or operated by Jeopardy Productions, Inc. Join the discussion at JBoard.tv.